000 01008nam a22002897a 4500
003 DO-SdBPM
005 20251105125528.0
007 ta
008 171123b2003 sp a ||||| 00| 0 spa d
020 _a3822889202
040 _aDO-SdBPM
_bspa
_cBPMSU
_erda
082 4 _a759.13
_bH798e 2003
_222
100 1 _aHopper, edward
_eautor
245 1 0 _a Edward Hopper :
_b 30 pstcards /
_c Edward Hopper
264 _aMadrid :
_bTachen,
_c2003
300 _a [62] páginas
_bilustraciones retrato . ;
_c18 cm.
336 _atexto
_bn
_2rdacontent
337 _asin mediación
_bn
_2rdamedia
338 _avolumen
_bnc
_2rdacarrier
590 _aInventariado, 2025/VM
590 _6Inventariado, 2025/VM
600 1 7 _aHopper, Edward,
_d1882-1967
_xTrabajos pictóricos
_vExposiciones
_vCatálogos.
_q
650 7 _aPintores estadounidenses
_vExposiciones
_vCatálogos
_x
740 0 2 _aGerardo Rueda : 1944-1989 Restrospective exhibition.
910 _aVMateo V. Control de calidad. BPMSU
942 _2ddc
_cBK
999 _c15493
_d15493